Analysing the effect of sporting events on revenue management tools – Example of Danubius Hotel Arena and Danubius Hotel Hungaria

Bibliographic Details
Main Author: Erdőhelyi Kata
Other Authors: Karakasné Dr. Morvay Klára
Format: Thesis
Kulcsszavak:Danubius Hotels
event
hotel
Revenue Management
sport
Online Access:http://dolgozattar.uni-bge.hu/59594

MARC

LEADER 00000nta a2200000 i 4500
001 dolg59594
005 20260409145257.0
008 260409suuuu hu om 000 eng d
040 |a BGE Dolgozattár Repozitórium  |b hun 
041 |a en 
100 1 |a Erdőhelyi Kata 
245 1 0 |a Analysing the effect of sporting events on revenue management tools – Example of Danubius Hotel Arena and Danubius Hotel Hungaria  |c Erdőhelyi Kata  |h [elektronikus dokumentum] 
520 3 |a This research aims to analyse the effect of sporting events on revenue management tools based on the Example of Danubius Hotel Arena and Danubius Hotel Hungaria. This study gives a better understanding of revenue management, how it works in the hotel industry. The sporting events give a special focus to the thesis, and with that focus, we can understand the changes that these kinds of events can create. During the research, I used deep interviews as a primary source, and I got data from the hotels, which I analysed as a secondary source. The study showed that the sporting events have effects on the hotel industry, increasing KPI like the number of guest nights or revenue. During sporting events, the hotel segmentation also changes. From a revenue management point of view, they have to make different kinds of changes to maximise their opportunities. In the paper, I represent the effects of these events with various diagrams and information. 
695 |a Danubius Hotels 
695 |a event 
695 |a hotel 
695 |a Revenue Management 
695 |a sport 
700 1 |a Karakasné Dr. Morvay Klára  |e ths 
856 4 0 |u http://dolgozattar.uni-bge.hu/59594/1/Erd%C5%91helyi%20Kata_Szakdolgozat.pdf  |z Dokumentum-elérés 
856 4 0 |u http://dolgozattar.uni-bge.hu/59594/2/Erd%C5%91helyi_Kata_Request_for_confidentiality.pdf  |z Dokumentum-elérés 
856 4 0 |u http://dolgozattar.uni-bge.hu/59594/3/Assessment%20sheet%20.pdf  |z Dokumentum-elérés 
856 4 0 |u http://dolgozattar.uni-bge.hu/59594/4/Erd%C5%91helyiKata_BSc_consulent_2025.pdf  |z Dokumentum-elérés